00559nam a22001457a 4500003000900000008004100009040007100050082002100121100002500142245016200167260002800329300002300357650001300380650002000393AR-CdUCM190425b ||||| |||| 00| 0 spa d aMUNICIPALIDAD PROVINCIAL DEL CUSCOcBIBLIOTECA MUNICIPAL DEL CUSCO aC / 340.4 /bR49 aRhoddo Salas, Walker aLa prueba impertinente, omisiones y defectos del código de procedimientos civiles, que son causas determinantes de la enorme dilación del proceso civil / aCuzco :bUNSAAC,c1955. a60 hojas ;c29 cm. aDerecho. aCódigo civil.